000
00382nam a2200145Ia 4500
008
090122s9999 xx 000 0 und d
082
_b
8379
_a
Q : 9
100
_a
पवार
_b
शोभा
245
_a
अमृतवाणी
600
_a
पवार
630
_a
अमृतवाणी
700
_a
पवार
730
_a
अमृतवाणी
942
_c
BOOK
999
_c
32456
_d
32456